Top 15 Countries that have the Most Deer - Statistics

General Stats
  • This quiz has been taken 23 times
  • The average score is 11 of 15
Answer Stats
Order Answer % Correct
4 Canada
95%
8 Germany
95%
2 Russia
95%
3 China
90%
1 United States
90%
12 United Kingdom
85%
5 Norway
80%
6 Sweden
80%
13 Brazil
75%
7 Finland
75%
9 India
75%
14 Argentina
65%
10 Mongolia
65%
15 Spain
45%
11 New Zealand
15%
No matching quizzes found
Score Distribution
Percent of People with Each Score
Percentile by Number Answered
Your Score History
You have not taken this quiz